000 00404nam a2200169Ia 4500
001 14811
005 20260306164941.0
008 260306t9999||||xx |||||||||||||| ||spa||
041 _aESP
082 _a519.4
_bC97A
100 _aPrat, P.,
_eAUT
245 0 _aLeyes de comportamiento de materiales
300 _a102 páginas :
_c30 cm.
650 _aGEN
654 _aCIM
942 _cLIB
_dJUS
_fJUS
_2ddc
_n
999 _c14811
_d14811